[Event "World Rapid Women 2021"]
[Site "Warsaw POL"]
[Date "2021.12.27"]
[Round "7.31"]
[White "Mamedjarova, Zeinab"]
[Black "Nur-Mukhametova, Alisa"]
[Result "1-0"]
[WhiteTitle "WGM"]
[WhiteElo "2249"]
[BlackElo "2225"]
[WhiteFideId "13401521"]
[BlackFideId "54117739"]
[EventDate "2021.12.26"]

1. d4 Nf6 2. Nf3 g6 3. e3 Bg7 4. Be2 O-O 5. O-O d5 6. b3 c5 7. Bb2 Ne4 8. Ne5
Nc6 9. Nd2 Nxd2 10. Qxd2 Bf5 11. Rac1 Rc8 12. Rfd1 cxd4 13. exd4 Qd6 14. Qe3 a6
15. h3 Rfe8 16. c4 Nb4 17. a3 Nc6 18. cxd5 Na7 19. Nc4 Qd8 20. Bc3 b6 21. a4 Rb8
22. Ne5 b5 23. axb5 axb5 24. Nc6 Nxc6 25. dxc6 Qd5 26. Bb4 Be6 27. Rc3 Rbc8 28.
Bf3 Qd8 29. d5 Bf5 30. Rc5 e5 31. dxe6 Qf6 32. exf7+ Qxf7 33. Bd5 Be6 34. Bxe6
Rxe6 35. Qg5 Bf6 36. Qc1 Be7 37. Rd7 Qf6 38. Rxb5 Bxb4 39. Rxb4 Rexc6 40. Qe3
Re6 41. Qh6 Re1+ 42. Kh2 Re7 43. Rbb7 Rxd7 44. Rxd7 Qe5+ 45. f4 Qh8 46. Qg5 Qc3
47. Qe7 1-0

[Event "World Rapid Women 2021"]
[Site "Warsaw POL"]
[Date "2021.12.27"]
[Round "7.32"]
[White "Beydullayeva, Govhar"]
[Black "Kashlinskaya, Alina"]
[Result "1/2-1/2"]
[WhiteTitle "WIM"]
[BlackTitle "IM"]
[WhiteElo "2290"]
[BlackElo "2490"]
[WhiteFideId "13413015"]
[BlackFideId "4198026"]
[EventDate "2021.12.26"]

1. Nf3 d5 2. g3 c6 3. Bg2 Bg4 4. d4 Nd7 5. h3 Bh5 6. c4 e6 7. cxd5 exd5 8. Nc3
Be7 9. O-O Ngf6 10. Ne5 Nxe5 11. dxe5 Ne4 12. Nxe4 dxe4 13. Qc2 Qd5 14. Bxe4 Qe6
15. Bg2 Bg6 16. Qc3 Rd8 17. Be3 O-O 18. a4 f6 19. exf6 Bxf6 20. Qb4 b6 21. a5 c5
22. Qa3 Bf5 23. axb6 axb6 24. Kh2 h5 25. h4 Be4 26. Bxe4 Qxe4 27. Qb3+ c4 28.
Qb5 Rd5 29. Qxb6 Bxh4 30. gxh4 Qxh4+ 31. Kg2 Rf6 32. Qb8+ Kh7 33. Qh2 Qe4+ 34.
f3 Qxe3 35. Kh1 Rd2 36. Ra5 Rxe2 37. Rxh5+ Rh6 38. Rxh6+ Qxh6 39. Qxh6+ Kxh6 40.
Rc1 Rxb2 41. Rxc4 Rf2 42. Rh4+ Kg5 43. Rg4+ Kf6 44. Rg3 g5 45. Kg1 Ra2 46. Rg2
Ra1+ 47. Kh2 Kf5 48. Kg3 Rb1 1/2-1/2

[Event "World Rapid Women 2021"]
[Site "Warsaw POL"]
[Date "2021.12.27"]
[Round "7.33"]
[White "Fernandez, Maria Florencia"]
[Black "Injac, Teodora"]
[Result "1-0"]
[WhiteTitle "WIM"]
[BlackTitle "WGM"]
[WhiteElo "2229"]
[BlackElo "2407"]
[WhiteFideId "116459"]
[BlackFideId "932400"]
[EventDate "2021.12.26"]

1. d4 Nf6 2. c4 g6 3. Nc3 Bg7 4. e4 d6 5. Be2 O-O 6. Be3 c5 7. d5 e6 8. Nf3 exd5
9. cxd5 b5 10. Bxb5 Nxe4 11. Nxe4 Qa5+ 12. Nc3 Bxc3+ 13. bxc3 Qxb5 14. Qb3 Qa6
15. c4 Qa5+ 16. Nd2 Nd7 17. O-O Rb8 18. Qd1 Ne5 19. Bh6 Re8 20. Ne4 Ng4 21. Nxd6
Qc7 22. Bf4 Rd8 23. h3 Nf6 24. Nxc8 Qxf4 25. Ne7+ Kg7 26. Nc6 Qxc4 27. Nxb8 Rxb8
28. d6 Rd8 29. Rc1 Qxa2 30. Rxc5 Qa6 31. Qa1 Qxd6 32. Ra5 Rd7 33. Ra6 Qf4 34.
Rd1 Rxd1+ 35. Qxd1 h5 36. g3 Qf5 37. Qa1 Qf3 38. Qd4 Qf5 39. Kg2 Qd5+ 40. Qxd5
Nxd5 41. Rxa7 Kf6 42. Kf3 Ke6 43. Ke4 Nf6+ 44. Kf4 Nd5+ 45. Kg5 Nc3 46. Kh6 Ne4
47. Ra2 Kf6 48. Re2 Ng5 49. h4 Ne6 50. Ra2 Kf5 51. Ra7 Kf6 52. Kh7 g5 53. Kg8
gxh4 54. gxh4 Nf4 55. Rxf7+ Ke5 56. Kh7 Ng2 57. Kh6 Nxh4 58. Kxh5 Nf5 59. Kg5
Nd6 60. f4+ Kd5 1-0

[Event "World Rapid Women 2021"]
[Site "Warsaw POL"]
[Date "2021.12.27"]
[Round "7.34"]
[White "Maltsevskaya, Aleksandra"]
[Black "Yakimova, Mariya"]
[Result "1-0"]
[WhiteTitle "IM"]
[BlackTitle "WFM"]
[WhiteElo "2400"]
[BlackElo "2198"]
[WhiteFideId "24174041"]
[BlackFideId "34188859"]
[EventDate "2021.12.26"]

1. e4 c5 2. Nf3 Nc6 3. d4 cxd4 4. Nxd4 Nf6 5. Nc3 e5 6. Ndb5 d6 7. Bg5 a6 8. Na3
b5 9. Nd5 Be7 10. Bxf6 Bxf6 11. c4 b4 12. Nc2 O-O 13. b3 a5 14. g3 Be6 15. h4 g6
16. Bh3 Bg7 17. h5 a4 18. hxg6 hxg6 19. Kf1 axb3 20. axb3 Rxa1 21. Qxa1 Bxd5 22.
exd5 Na5 23. Qa4 Qb6 24. Kg2 e4 25. Bd7 Nb7 26. Qc6 Qa7 27. Nxb4 Bd4 28. Nc2
Bxf2 29. Ra1 Na5 30. Qxd6 Rd8 31. Qf6 Qxd7 32. Rh1 1-0

[Event "World Rapid Women 2021"]
[Site "Warsaw POL"]
[Date "2021.12.27"]
[Round "7.35"]
[White "Dworakowska, Joanna"]
[Black "Jakubowska, Anna"]
[Result "1-0"]
[WhiteTitle "IM"]
[BlackTitle "WIM"]
[WhiteElo "2321"]
[BlackElo "2106"]
[WhiteFideId "1107445"]
[BlackFideId "1121952"]
[EventDate "2021.12.26"]

1. e4 c6 2. d4 d5 3. Nc3 dxe4 4. Nxe4 Nf6 5. Ng3 Bg4 6. f3 Bd7 7. Be3 e6 8. Qd2
Nd5 9. Bf2 Bd6 10. N1e2 O-O 11. O-O-O f5 12. c4 Nf6 13. Nf4 Qc7 14. Nd3 Na6 15.
Kb1 c5 16. Rc1 Rfd8 17. Qc3 Rac8 18. Be2 Re8 19. Rhd1 cxd4 20. Qxd4 e5 21. Qc3
e4 22. fxe4 fxe4 23. Ne1 Be5 24. Bd4 Bf4 25. Rc2 Qc6 26. Nh5 Nxh5 27. Bxh5 g6
28. g3 Bh6 29. Be2 Be6 30. Ng2 Nc5 31. Nf4 Na4 32. Qa5 b6 33. Qe5 Bf8 34. Qh8+
Kf7 35. Qxh7+ 1-0

[Event "World Rapid Women 2021"]
[Site "Warsaw POL"]
[Date "2021.12.27"]
[Round "7.36"]
[White "Rakhmangulova, Anastasiya"]
[Black "Kazarian, Anna-Maja"]
[Result "1/2-1/2"]
[WhiteTitle "WIM"]
[BlackTitle "FM"]
[WhiteElo "2174"]
[BlackElo "2138"]
[WhiteFideId "14117479"]
[BlackFideId "1033689"]
[EventDate "2021.12.26"]

1. e4 e6 2. d3 c5 3. Nf3 Nc6 4. g3 d6 5. Bg2 Nf6 6. O-O Be7 7. c3 O-O 8. a4 a6
9. Re1 Rb8 10. d4 cxd4 11. cxd4 d5 12. e5 Ne4 13. Nc3 Bb4 14. Re3 Bxc3 15. bxc3
Na5 16. Bf1 Qc7 17. Ba3 Re8 18. c4 Bd7 19. Rc1 Qd8 20. Ne1 f6 21. f3 Ng5 22. f4
Ne4 23. f5 exf5 24. cxd5 fxe5 25. dxe5 Rxe5 26. Qd4 Re8 27. Nf3 Qf6 28. Qb4 b6
29. Bb2 Qh6 30. Rce1 Nb7 31. Ne5 Nbc5 32. Nxd7 Nxd7 33. Bxa6 Ndf6 34. Bb5 Red8
35. d6 Ng4 36. R3e2 Rxd6 37. Qc4+ Kh8 38. Qc7 Rbd8 39. Bc1 Qh3 40. Qc2 h6 41.
Bf4 Rd5 42. Rxe4 fxe4 43. Bf1 Qh5 44. Rxe4 Rd2 45. Re8+ Qxe8 46. Bxd2 Qd7 47.
Bf4 Qd4+ 48. Kh1 Qd5+ 49. Qg2 g5 50. Bc7 Qxg2+ 51. Kxg2 Ne3+ 52. Kf2 Ng4+ 53.
Kg1 Rd4 54. h3 Rxa4 55. hxg4 Rxg4 56. Bh3 Rb4 57. Be5+ Kg8 58. Be6+ Kh7 59. Bf5+
Kg8 60. g4 Kf7 61. Kf2 b5 62. Ke3 Rb3+ 63. Kd4 Rh3 64. Kc5 h5 65. gxh5 Rxh5 66.
Kxb5 g4 67. Bxg4 Rxe5+ 68. Kc6 Kf6 69. Kd6 Re4 70. Bf3 Rd4+ 71. Bd5 Rd1 72. Kc6
Ke5 73. Bg8 Rg1 74. Bb3 Rc1+ 75. Kd7 Rb1 76. Ba2 Rb6 77. Bg8 Rd6+ 78. Kc7 Rg6
79. Ba2 Rg2 80. Bb3 Kd4 81. Kd6 Rg6+ 82. Kd7 Ke5 83. Ba2 Ra6 84. Bb3 Rb6 85. Ba2
Rb2 86. Bg8 Rd2+ 87. Kc6 Kf6 88. Bb3 Ke7 89. Kc5 Kd7 90. Ba4+ Kc7 91. Bb3 Rh2
92. Kd5 Rh5+ 93. Ke4 Kd6 94. Bg8 Rh8 95. Ba2 Re8+ 96. Kf5 1/2-1/2

[Event "World Rapid Women 2021"]
[Site "Warsaw POL"]
[Date "2021.12.27"]
[Round "7.37"]
[White "Lach, Aleksandra"]
[Black "Alymbai kyzy, Aizhan"]
[Result "1-0"]
[WhiteTitle "WIM"]
[WhiteElo "2198"]
[BlackElo "1889"]
[WhiteFideId "1134299"]
[BlackFideId "13800043"]
[EventDate "2021.12.26"]

1. e4 c6 2. d4 d5 3. exd5 cxd5 4. Bd3 Nf6 5. c3 Nc6 6. Bf4 Bg4 7. Qb3 Qd7 8. Nd2
e6 9. Ngf3 a6 10. O-O Be7 11. h3 Bh5 12. Ne5 Qc8 13. Rfe1 O-O 14. g4 Bg6 15.
Nxg6 hxg6 16. Nf3 Na5 17. Qc2 Nc4 18. Ng5 Nh7 19. Nxh7 Kxh7 20. Bg3 Kg8 21. Qe2
Nb6 22. f4 Bd6 23. Kg2 Re8 24. Qf3 Qc7 25. Re2 Nd7 26. Rae1 Nf6 27. h4 Qd7 28.
h5 gxh5 29. gxh5 Kf8 30. Bh4 Ke7 31. Bg5 Kd8 32. h6 Kc7 33. hxg7 Be7 34. f5 Rg8
35. fxe6 fxe6 36. Bxf6 Bxf6 37. Qg3+ Kc8 38. Rxe6 Rxg7 39. Bg6 Bd8 40. Kf1 Qc7
41. Qxc7+ Kxc7 42. Bd3 Bh4 43. Re8 Rf7+ 44. Kg1 Bxe1 45. Rxa8 Bd2 46. Re8 Bc1
47. Re2 Kd6 48. Kg2 Rg7+ 49. Kf2 Rf7+ 50. Ke1 Bg5 51. Rg2 Bh4+ 52. Ke2 Re7+ 53.
Kd1 Re1+ 54. Kc2 Re6 55. Rg7 Be7 56. b3 Kc6 57. c4 dxc4 58. bxc4 Kb6 59. Kc3 Bf6
60. Rg4 Ka7 61. Be4 Rd6 62. Bd5 b5 63. Rf4 bxc4 64. Kxc4 Kb6 65. Rf2 Bd8 66.
Rb2+ Ka5 67. Rb3 Be7 68. Re3 Rd7 69. Bc6 Rc7 70. d5 Bd6 71. Re6 Bf4 72. Kc5 Bg3
73. d6 Rc8 74. d7 Rd8 75. Re4 Bf2+ 76. Kd6 Bg3+ 77. Ke7 Bc7 78. Bb7 Kb6 79. Bc8
Rh8 80. Re6+ Kc5 81. Rxa6 Rh7+ 82. Ke8 Rh8+ 83. Kf7 Rh7+ 84. Kg6 Rh1 85. Bb7
Rg1+ 86. Kf5 Rf1+ 87. Ke4 Re1+ 88. Kf3 Rd1 89. Rc6+ Kd5 1-0

[Event "World Rapid Women 2021"]
[Site "Warsaw POL"]
[Date "2021.12.27"]
[Round "7.38"]
[White "Vantika, Agrawal"]
[Black "Strutinskaia, Galina"]
[Result "1-0"]
[WhiteTitle "WGM"]
[BlackTitle "WGM"]
[WhiteElo "2381"]
[BlackElo "2142"]
[WhiteFideId "25050389"]
[BlackFideId "4108558"]
[EventDate "2021.12.26"]

1. d4 Nf6 2. c4 e6 3. g3 d5 4. Bg2 Bb4+ 5. Bd2 a5 6. Nf3 c5 7. dxc5 Bxc5 8. cxd5
Nxd5 9. O-O Nc6 10. Nc3 O-O 11. Rc1 Be7 12. Qc2 Bf6 13. Rfd1 Qb6 14. Ng5 Bxg5
15. Bxg5 Ncb4 16. Qb1 h6 17. Bd2 Nf6 18. Be3 Qa6 19. Bd4 Nbd5 20. e4 Nxc3 21.
Rxc3 Nd7 22. Bf1 b5 23. a4 e5 24. axb5 Qg6 25. Rc6 Qh5 26. Bc3 Nf6 27. Rc5 Re8
28. Re1 Ng4 29. h3 Nf6 30. h4 Bg4 31. Bg2 a4 32. b6 Nd7 33. Rb5 Qg6 34. b7 Rab8
35. Qa2 Qa6 36. Bf1 Qa7 37. Qd5 Nf6 38. Qc5 Rxb7 39. Qxa7 Rxa7 40. Rxe5 Rc8 41.
Rb5 Bd7 42. Rb4 a3 43. Ra1 axb2 44. Rxa7 Rxc3 45. Rxb2 Rc1 46. Kg2 Bc6 47. f3 h5
48. Bd3 Rd1 49. Be2 Re1 50. Kf2 Rh1 51. Rc2 Bd7 52. e5 Bf5 53. Rd2 1-0

[Event "World Rapid Women 2021"]
[Site "Warsaw POL"]
[Date "2021.12.27"]
[Round "7.39"]
[White "Katkov, Michelle"]
[Black "Maisuradze, Nino"]
[Result "0-1"]
[WhiteTitle "WFM"]
[BlackTitle "WGM"]
[WhiteElo "2151"]
[BlackElo "2202"]
[WhiteFideId "2816393"]
[BlackFideId "13601717"]
[EventDate "2021.12.26"]

1. e4 c5 2. c3 d5 3. exd5 Qxd5 4. d4 Nf6 5. Nf3 e6 6. Be2 Nc6 7. O-O Be7 8. Be3
cxd4 9. cxd4 O-O 10. Nc3 Qd6 11. Qd2 Rd8 12. Rfd1 Nd5 13. Ne4 Qb4 14. Qc2 f5 15.
Nc5 Bf6 16. Rac1 Bd7 17. a3 Qb6 18. b4 Rac8 19. Nxd7 Rxd7 20. b5 Nce7 21. Qb3
Rdc7 22. Bc4 a6 23. a4 axb5 24. axb5 h6 25. Ne5 g5 26. Qd3 Kg7 27. h3 Bxe5 28.
dxe5 Nxe3 29. fxe3 Nd5 30. Bxd5 Rxc1 31. Bf3 Rxd1+ 32. Bxd1 Rd8 33. Qb3 f4 34.
Kh1 Qxe3 35. Bc2 Qxb3 36. Bxb3 Kf7 37. h4 Rd3 38. Bc4 Rc3 39. Be2 Re3 40. Bf3 b6
41. hxg5 hxg5 0-1

[Event "World Rapid Women 2021"]
[Site "Warsaw POL"]
[Date "2021.12.27"]
[Round "7.40"]
[White "Bulmaga, Irina"]
[Black "Kucharska, Honorata"]
[Result "1-0"]
[WhiteTitle "IM"]
[BlackTitle "WFM"]
[WhiteElo "2390"]
[BlackElo "2146"]
[WhiteFideId "13903063"]
[BlackFideId "1163868"]
[EventDate "2021.12.26"]

1. e4 e6 2. d4 d5 3. Nc3 Bb4 4. e5 Qd7 5. Bd2 b6 6. a3 Bf8 7. Bb5 c6 8. Ba4 Ne7
9. Nce2 Ba6 10. Nf3 Nf5 11. O-O Be7 12. Re1 Bxe2 13. Qxe2 O-O 14. c3 g6 15. g4
Ng7 16. Bh6 b5 17. Bc2 a5 18. Kg2 Na6 19. h4 Nc7 20. h5 Bd8 21. Rh1 Nce8 22. Rh2
Bc7 23. Rah1 gxh5 24. Rxh5 f5 25. Bxg7 Nxg7 26. Rxh7 Bd8 27. gxf5 exf5 28. e6 1-0

[Event "World Rapid Women 2021"]
[Site "Warsaw POL"]
[Date "2021.12.27"]
[Round "7.41"]
[White "Sandu, Mihaela"]
[Black "Loskutova, Viktoriya"]
[Result "0-1"]
[WhiteTitle "WGM"]
[BlackTitle "WFM"]
[WhiteElo "2269"]
[BlackElo "2100"]
[WhiteFideId "1204327"]
[BlackFideId "34166278"]
[EventDate "2021.12.26"]

1. e4 c5 2. Nf3 d6 3. d4 cxd4 4. Nxd4 Nf6 5. Nc3 a6 6. Be2 e5 7. Nb3 Be7 8. O-O
O-O 9. Be3 Be6 10. Qd2 Nbd7 11. a4 Rc8 12. a5 Qc7 13. Rfd1 Qc6 14. Bf3 Rfe8 15.
Qe1 Qc7 16. Rd2 Bf8 17. Qd1 b5 18. axb6 Nxb6 19. Na5 Nc4 20. Nxc4 Bxc4 21. Na4
Bb5 22. Nb6 Rb8 23. c4 Bc6 24. Nd5 Nxd5 25. exd5 Bb7 26. Qc2 Bc8 27. Be2 g6 28.
f3 f5 29. c5 dxc5 30. d6 Bxd6 31. Bxa6 e4 32. Bc4+ Be6 33. Bxe6+ Rxe6 34. Qc4
Kf7 35. fxe4 Rb4 36. Qd5 Rxe4 37. Bf2 Bxh2+ 38. Kh1 Bg3 39. Bxg3 Qxg3 40. Ra7+
Kf6 41. Qd8+ Re7 42. Qd6+ Qxd6 43. Rxd6+ Kg5 44. Ra3 f4 45. Kh2 R7e5 46. Rf3 Re3
47. Rf2 Kg4 48. Rf6 g5 49. Rh6 Re7 50. Rc2 Rc7 51. b4 c4 52. b5 Rb3 53. Rc6 Rb7
54. R2xc4 R3xb5 55. Rh6 Rb2 56. Rc3 Re2 57. Rch3 Rbb2 58. Rxh7 Rxg2+ 59. Kh1
Rgc2 0-1

[Event "World Rapid Women 2021"]
[Site "Warsaw POL"]
[Date "2021.12.27"]
[Round "7.42"]
[White "Heredia Serrano, Carla"]
[Black "Smirnova, Ekaterina"]
[Result "0-1"]
[WhiteTitle "WGM"]
[BlackTitle "WIM"]
[WhiteElo "2121"]
[BlackElo "2196"]
[WhiteFideId "3603687"]
[BlackFideId "4110943"]
[EventDate "2021.12.26"]

1. e4 e6 2. d4 d5 3. Nc3 Bb4 4. Ne2 dxe4 5. a3 Be7 6. Nxe4 Nf6 7. N2g3 Nbd7 8.
Bd3 O-O 9. O-O Nxe4 10. Bxe4 c5 11. Be3 f5 12. Bd3 f4 13. Bxf4 Rxf4 14. Re1 Nf6
15. dxc5 Qd4 16. Re2 Bxc5 17. Rd2 Qxb2 18. Rb1 Qe5 19. Re2 Qg5 20. Ne4 Nxe4 21.
Bxe4 Qf6 22. Qd3 g6 23. Bf3 Rd4 24. Qc3 Rd1+ 25. Rxd1 Qxc3 26. h4 a5 27. h5 gxh5
28. Rd8+ Kg7 29. Bxh5 Qa1+ 30. Kh2 Qf6 31. Rd3 Qh4+ 32. Rh3 Qf4+ 33. Rg3+ Kh6
34. Bf3 e5 35. Re4 Qf6 36. Bg4 Bxg4 37. Rexg4 Qg6 38. Rxg6+ hxg6 39. Rc3 Bxf2
40. Rc7 b5 41. g4 Kg5 42. Kg2 Bd4 43. c3 Bb6 44. Rc6 Rb8 45. Kf3 Rf8+ 46. Ke4
Rf6 47. Rc8 Kxg4 48. Kxe5 Rf5+ 49. Ke4 Rc5 50. Rb8 Bc7 51. Rg8 g5 52. Kd3 Be5
53. Re8 Rxc3+ 54. Kd2 Rc5 55. Ra8 b4 56. axb4 axb4 57. Ra4 Bc3+ 58. Kd3 Kg3 59.
Ra8 g4 60. Rb8 Kg2 61. Ke4 g3 62. Rb7 Rc4+ 63. Kd3 Rd4+ 64. Ke2 Rd2+ 65. Ke3 Rd8
66. Re7 b3 67. Rb7 b2 68. Rb3 Bh8 69. Ke2 Rc8 70. Kd2 Rc1 0-1

[Event "World Rapid Women 2021"]
[Site "Warsaw POL"]
[Date "2021.12.27"]
[Round "7.43"]
[White "Gaboyan, Susanna"]
[Black "Semenova, Elena1"]
[Result "0-1"]
[WhiteTitle "WIM"]
[BlackTitle "WIM"]
[WhiteElo "2254"]
[BlackElo "2278"]
[WhiteFideId "13303627"]
[BlackFideId "24125148"]
[EventDate "2021.12.26"]

1. Nf3 d5 2. g3 Nf6 3. Bg2 c5 4. O-O h6 5. d4 cxd4 6. Nxd4 e5 7. Nb3 Nc6 8. Nc3
Be6 9. f4 exf4 10. Bxf4 Be7 11. e4 dxe4 12. Nxe4 Nxe4 13. Bxe4 Qb6+ 14. Kh1 O-O
15. Qh5 f5 16. Bxh6 Rf6 17. Bg5 Bf7 18. Qh4 fxe4 19. Bxf6 Bxf6 20. Rxf6 gxf6 21.
Rf1 Re8 22. Qxf6 Ne5 23. Qf4 e3 24. Nd4 e2 25. Qg5+ Ng6 26. Nxe2 Rxe2 0-1

[Event "World Rapid Women 2021"]
[Site "Warsaw POL"]
[Date "2021.12.27"]
[Round "7.44"]
[White "Smietanska, Wiktoria"]
[Black "Kubicka, Anna"]
[Result "1-0"]
[WhiteTitle "CM"]
[BlackTitle "WIM"]
[WhiteElo "1910"]
[BlackElo "2266"]
[WhiteFideId "21869359"]
[BlackFideId "1152254"]
[EventDate "2021.12.26"]

1. c4 e5 2. Nc3 g6 3. Nf3 Bg7 4. d4 Nc6 5. dxe5 Nxe5 6. Nxe5 Bxe5 7. e4 d6 8.
Be2 Ne7 9. O-O O-O 10. Bh6 Bg7 11. Bxg7 Kxg7 12. Nd5 c5 13. Nxe7 Qxe7 14. Bf3
Bd7 15. Qd3 Bc6 16. Rad1 Rad8 17. Rfe1 Qe5 18. b3 Rfe8 19. Re3 Qb2 20. Qd2 Qxd2
21. Rxd2 Re6 22. h3 Rde8 23. Red3 Rd8 24. g3 Kf8 25. Bg2 Ke7 26. f3 f5 27. exf5
gxf5 28. Kf2 Kf6 29. Rd1 h6 30. R3d2 Ke7 31. f4 Be4 32. Bxe4 fxe4 33. Ke3 Rg8
34. g4 h5 35. g5 h4 36. Rd5 Kd7 37. Rxc5 b6 38. Rcd5 Kc6 39. Rg1 a6 40. Rd4 Rge8
41. Rg4 Rh8 42. Rxe4 Rxe4+ 43. Kxe4 Re8+ 44. Kd3 Rh8 45. f5 Kd7 46. g6 Ke7 47.
g7 Rg8 48. Rg6 b5 49. f6+ Kf7 50. Rh6 bxc4+ 51. Kxc4 Rc8+ 52. Kd5 Rc5+ 53. Kxd6
Rf5 54. Kc7 Rc5+ 55. Kb7 Rb5+ 56. Ka7 Rg5 57. Rh8 a5 58. Rf8+ 1-0

[Event "World Rapid Women 2021"]
[Site "Warsaw POL"]
[Date "2021.12.27"]
[Round "7.45"]
[White "Kolaric, Spela"]
[Black "Rudzinska, Michalina"]
[Result "0-1"]
[WhiteTitle "WFM"]
[BlackTitle "WFM"]
[WhiteElo "2185"]
[BlackElo "2215"]
[WhiteFideId "14607093"]
[BlackFideId "1172883"]
[EventDate "2021.12.26"]

1. d4 Nf6 2. Nf3 e6 3. g3 c5 4. c3 b6 5. Bg2 Bb7 6. O-O Be7 7. Re1 d6 8. Nbd2
Nbd7 9. e4 O-O 10. b3 Re8 11. Bb2 Bf8 12. Rc1 Rc8 13. c4 cxd4 14. Nxd4 Nc5 15.
Qe2 e5 16. Nb5 a6 17. Nc3 Rc7 18. Rcd1 Ne6 19. Nf1 Nd4 20. Qd3 b5 21. cxb5 axb5
22. Nxb5 Nxb5 23. Qxb5 Qa8 24. a4 Rb8 25. Qd3 Ba6 26. Qe3 Rc2 27. Rd2 Qc6 28.
Red1 Nd7 29. Ba3 Rc3 30. Qg5 h6 31. Qg4 Nf6 32. Qf5 Bc8 33. Bxd6 Bxf5 34. exf5
Qc8 35. Bxe5 Rbxb3 36. Rd8 Qxf5 37. Bxc3 Rxc3 38. Ne3 Qc5 39. Nd5 Ng4 40. Nxc3
Nxf2 41. R1d4 Qxc3 42. Kxf2 Kh7 43. Rd3 Bc5+ 44. Kf3 Qf6+ 45. Ke4 Qe6+ 46. Kf3
Qf5+ 47. Ke2 Qf2+ 48. Kd1 Qxg2 49. a5 Qg1+ 50. Kc2 Qxh2+ 51. Kb3 Qg2 52. a6 Qc6
53. R8d5 Qxa6 54. Rd7 Qb5+ 55. Kc2 Qc4+ 56. Kd2 Bf2 57. Rf3 Qb4+ 58. Kc1 Qe1+
59. Rd1 Be3+ 0-1

[Event "World Rapid Women 2021"]
[Site "Warsaw POL"]
[Date "2021.12.27"]
[Round "7.46"]
[White "Hryzlova, Sofiia"]
[Black "Malicka, Maria"]
[Result "0-1"]
[WhiteTitle "WCM"]
[BlackTitle "FM"]
[WhiteElo "2097"]
[BlackElo "2307"]
[WhiteFideId "14174669"]
[BlackFideId "1197576"]
[EventDate "2021.12.26"]

1. d4 Nf6 2. c4 e6 3. Nc3 Bb4 4. e3 c5 5. Bd2 O-O 6. Nf3 cxd4 7. exd4 d5 8. c5
b6 9. Qb3 bxc5 10. a3 Bxc3 11. bxc3 Ne4 12. Bf4 Qa5 13. Be2 c4 14. Qb4 Nc6 15.
Qxa5 Nxa5 16. Rc1 Nb3 17. Rc2 Bd7 18. O-O Ba4 19. Rb1 f6 20. Rbb2 g5 21. Be3
Rab8 22. g4 Na1 23. Rxb8 Rxb8 24. Rc1 Nb3 25. Rc2 Na5 26. Rc1 Rb3 27. Bf1 Rxa3
28. h4 h6 29. Rb1 Nb3 30. Ne1 Nxc3 31. Rb2 Nd1 32. Rb1 Nxe3 33. fxe3 Ra2 34. e4
Ra1 35. Rxa1 Nxa1 36. exd5 exd5 37. hxg5 hxg5 38. Bg2 Bc6 0-1

[Event "World Rapid Women 2021"]
[Site "Warsaw POL"]
[Date "2021.12.27"]
[Round "7.47"]
[White "Parol, Pola"]
[Black "Dylag, Emilia"]
[Result "1/2-1/2"]
[WhiteTitle "WFM"]
[BlackTitle "WFM"]
[WhiteElo "2067"]
[BlackElo "1956"]
[WhiteFideId "1163116"]
[BlackFideId "21805172"]
[EventDate "2021.12.26"]

1. e4 e5 2. Nf3 Nc6 3. Bb5 a6 4. Ba4 Nf6 5. O-O b5 6. Bb3 Bc5 7. c3 d6 8. d4 Bb6
9. h3 O-O 10. Re1 h6 11. a4 Bb7 12. Na3 exd4 13. cxd4 Re8 14. d5 Na5 15. Bc2 b4
16. Nb1 b3 17. Bd3 c6 18. dxc6 Bxc6 19. Nc3 Qc7 20. Bf4 Qa7 21. Bg3 Nh5 22. Bh4
Nf4 23. Bg3 Ne6 24. Rc1 Nd4 25. Nxd4 Bxd4 26. Qh5 Be5 27. Qf3 Rad8 28. Qe3 Qxe3
29. Rxe3 Bd4 30. Ree1 Bb7 31. Bf4 Nc6 32. Be3 Bxe3 33. Rxe3 Nd4 34. Kf1 Rc8 35.
Ree1 Kf8 36. Red1 Rc5 37. f3 Rec8 38. Kf2 Ne6 39. Bb1 Ke7 40. Rd2 g5 41. Rcd1
Rd8 42. Ne2 Rc4 43. Nc3 Rc5 44. Ne2 Rc4 45. Nc3 Rc5 1/2-1/2

[Event "World Rapid Women 2021"]
[Site "Warsaw POL"]
[Date "2021.12.27"]
[Round "7.48"]
[White "Budkiewicz, Magdalena"]
[Black "Efimenko, Maria"]
[Result "0-1"]
[BlackTitle "WIM"]
[WhiteElo "1929"]
[BlackElo "2245"]
[WhiteFideId "1194917"]
[BlackFideId "14124327"]
[EventDate "2021.12.26"]

1. e4 g6 2. d4 d6 3. g3 Bg7 4. Bg2 Nf6 5. Ne2 O-O 6. O-O c6 7. c4 e5 8. Nbc3 a5
9. h3 Na6 10. Be3 exd4 11. Bxd4 Qe7 12. Qc2 Nc5 13. Rae1 Re8 14. Nf4 Ne6 15.
Nxe6 Bxe6 16. b3 Qd7 17. Kh2 Ng4+ 18. hxg4 Bxd4 19. Ne2 Bf6 20. f3 Kg7 21. Nf4
Rh8 22. Nxe6+ Qxe6 23. Bh3 Qe7 24. f4 h6 25. Qf2 a4 26. c5 Bc3 27. Rc1 axb3 28.
axb3 Bf6 29. cxd6 Qxe4 30. Bg2 Qb4 31. Rcd1 Qxb3 32. f5 g5 33. Rb1 Qc4 34. Rfc1
Qxg4 35. Rxb7 h5 36. Bh3 Qe4 37. Bg2 Qe5 38. Rc5 Qa1 39. Rc2 h4 40. g4 Be5+ 41.
Kh3 Ra3+ 0-1

[Event "World Rapid Women 2021"]
[Site "Warsaw POL"]
[Date "2021.12.27"]
[Round "7.49"]
[White "Da Silva, Cibele Florencio"]
[Black "Jarocka, Liwia"]
[Result "0-1"]
[BlackTitle "FM"]
[WhiteElo "1405"]
[BlackElo "2006"]
[WhiteFideId "2116901"]
[BlackFideId "21807558"]
[EventDate "2021.12.26"]

1. e4 c5 2. Nc3 Nc6 3. Nf3 d6 4. Bb5 Bd7 5. d3 a6 6. Bxc6 Bxc6 7. O-O g6 8. Bf4
Bg7 9. Re1 e5 10. Bg5 f6 11. Bc1 Ne7 12. b3 O-O 13. Bd2 b5 14. Qc1 b4 15. Ne2 f5
16. Bh6 fxe4 17. dxe4 Bxe4 18. Bxg7 Kxg7 19. Ng5 Bd5 20. Ng3 h6 21. N5e4 Nf5 22.
Qd2 Bxe4 23. Rxe4 Nxg3 24. hxg3 Qf6 25. Rd1 Rad8 26. Rh4 g5 27. Re4 a5 28. Re2
Rfe8 29. Qd5 Re7 30. Rdd2 Qe6 31. Qd3 a4 32. Re3 Rf7 33. Rde2 Rdf8 34. Qb5 axb3
35. axb3 Qg4 36. Qd3 Qd4 37. Qxd4 cxd4 38. Re4 Rc7 39. f3 Rfc8 40. f4 Rxc2 41.
Rxc2 Rxc2 42. fxe5 dxe5 43. Rxe5 Rc3 44. Rd5 Rxg3 45. Rxd4 Rxb3 46. Kf1 Rb2 47.
g3 h5 48. Rd7+ Kg6 49. Rd6+ Kf5 50. Rd4 b3 51. Ke1 Rg2 52. Rb4 Rxg3 53. Kf2 h4
54. Rb5+ Kg4 55. Rb4+ Kh5 56. Rb5 Rc3 57. Kg2 h3+ 58. Kh2 Kh4 59. Rb4+ g4 60.
Kg1 Rc1+ 61. Kh2 Rc2+ 62. Kg1 b2 63. Kh1 Rc4 64. Rxb2 Rc1+ 65. Kh2 g3# 0-1